Vargasamara Fantasiyum Hyperian vrikshangalum (Record no. 135977)
[ view plain ]
| 000 -LEADER | |
|---|---|
| fixed length control field | 00531nam a22001817a 4500 |
| 003 - CONTROL NUMBER IDENTIFIER | |
| control field | OSt |
| 005 - DATE AND TIME OF LATEST TRANSACTION | |
| control field | 20240209152919.0 |
| 008 - FIXED-LENGTH DATA ELEMENTS--GENERAL INFORMATION | |
| fixed length control field | 240209b |||||||| |||| 00| 0 eng d |
| 040 ## - CATALOGING SOURCE | |
| Transcribing agency | sbcl |
| 082 ## - DEWEY DECIMAL CLASSIFICATION NUMBER | |
| Classification number | 894.812 8 SAH-V |
| Item number | 142253 |
| 100 ## - MAIN ENTRY--PERSONAL NAME | |
| Personal name | Sahadevan,Pavumpa |
| 245 ## - TITLE STATEMENT | |
| Title | Vargasamara Fantasiyum Hyperian vrikshangalum |
| 250 ## - EDITION STATEMENT | |
| Edition statement | 1 |
| 260 ## - PUBLICATION, DISTRIBUTION, ETC. | |
| Place of publication, distribution, etc. | Kollam |
| Name of publisher, distributor, etc. | Pheonix Books |
| Date of publication, distribution, etc. | 6/2023 |
| 300 ## - PHYSICAL DESCRIPTION | |
| Extent | 193p. |
| 650 ## - SUBJECT ADDED ENTRY--TOPICAL TERM | |
| Topical term or geographic name entry element | Literatures of other languages |
| 942 ## - ADDED ENTRY ELEMENTS (KOHA) | |
| Koha item type | BOOK |
| 650 ## - SUBJECT ADDED ENTRY--TOPICAL TERM | |
| Source of heading or term | Literature & rhetoric |
| Form subdivision | Altaic, Uralic, Hyperborean & Dravidian |
| Withdrawn status | Lost status | Source of classification or shelving scheme | Damaged status | Not for loan | Home library | Current library | Date acquired | Total Checkouts | Full call number | Barcode | Shelving location | Date last seen | Cost, replacement price | Price effective from | Koha item type |
|---|---|---|---|---|---|---|---|---|---|---|---|---|---|---|---|
| Dewey Decimal Classification | SB LIBRARY | SB LIBRARY | 09/02/2024 | 894.8128 PHI-N | 142253 | GENERAL STACK | 09/02/2024 | 250.00 | 09/02/2024 | BOOK |